Statistics for Persona 4 Social Link Quiz

Click here to take the quiz!

General Stats

  • This quiz has been taken 26 times
  • The average score is 12 of 21

Answer Stats

No.ArcanaSocial LinkUltimate Persona% Correct
VIIChariotChie SatonakaFutsunushi, the Divine Sword
76%
0FoolInvestigation TeamLoki, the Shape-Shifter
76%
VILoversRise KujikawaIshtar, the Goddess of Love
76%
IMagicianYosuke HanamuraMada, the Intoxicator
76%
IIPriestessYukiko AmagiScathach, the Mentor
76%
IVEmperorKanji TatsumiOdin, the God of Storms
71%
XVIIStarTeddieHelel, the Light Bearer
71%
IXHermitFoxOngyo-Ki, the Shadow Dweller
67%
VIIIJusticeNanako DojimaSraosha, the Scourge of Evil
67%
XForttuneNaoto ShiroganeNorn, the Triple Godhead of Fate
67%
IIIEmpressMargaretIsis, the Mother of Reincarnation
62%
XVDevilNurseBeelzebub, the Prince of Lies
62%
VHierophantRyotaro DojimaKohryu, the Almighty Guardian
57%
XVIIIMoonAi EbiharaSandalphon, the Angel of Prayer
48%
XIIIDeathOld LadyMahakala, the King of Darkness
48%
XIIHanged ManSaki's BrotherAttis, the God of Sacrifice
48%
XIStrengthFellow AthletesZaou-Gongen, the One who Demands Surrender
43%
XXJudgementSeekers of TruthLucifer, the Rebel King of Hell
43%
XVITowerTutored StudentShiva, the God of Destruction
38%
XIXSunYumi Ozawa / Ayane MatsunagaAsura, the Highest of the High
33%
XIVTemperanceYoung MotherVishnu, the Preserver of the World
29%

Score Distribution

Percentile by Number Answered

Percent of People with Each Score

Your Score History

You have not taken this quiz